Capitals of Every Pre-World War II Country - Statistics

General Stats
  • This quiz has been taken 65 times
  • The average score is 66 of 76
Answers on the Map
Answers color-coded by a green-red scale on the quiz's map according to % correct below.
 
Answer Stats
Country Capital % Correct
Nazi Germany Berlin
97%
Argentina Buenos Aires
97%
Australia Canberra
97%
Mexico Mexico City
97%
Brazil Rio de Janeiro
97%
Belgium Brussels
95%
Kingdom of Egypt Cairo
95%
Peru Lima
95%
Portugal Lisbon
95%
United Kingdom London
95%
Nationalist Spain Madrid
95%
Soviet Union Moscow
95%
France Paris
95%
Italy Rome
95%
Japan Tokyo
95%
United States Washington, D.C.
95%
Netherlands Amsterdam
93%
Kingdom of Greece Athens
93%
Switzerland Bern
93%
Denmark Copenhagen
93%
Ireland Dublin
93%
Cuba Havana
93%
Norway Oslo
93%
Canada Ottawa
93%
Panama Panama City
93%
Chile Santiago
93%
Sweden Stockholm
93%
Poland Warsaw
93%
Colombia Bogotá
92%
Finland Helsinki
92%
Bolivia La Paz
92%
Monaco Monaco
92%
Iran Tehran
92%
Vatican City Vatican City
92%
Andorra Andorra la Vella
90%
Turkey Ankara
90%
Iraq Baghdad
90%
Siamese Empire Bangkok
90%
Romania Bucharest
90%
Hungary Budapest
90%
Luxembourg Luxembourg City
90%
Iceland Reykjavík
90%
San Marino San Marino
90%
Estonia Tallinn
90%
Mongolia Ulaanbaatar
90%
New Zealand Wellington
90%
Venezuela Caracas
88%
Uruguay Montevideo
88%
Ecuador Quito
88%
Latvia Riga
88%
Bulgaria Sofia
88%
Yugoslavia Belgrade
87%
South Africa Cape Town
87%
Guatemala Guatemala City
87%
Haiti Port-au-Prince
87%
Saudi Arabia Riyadh
87%
El Salvador San Salvador
87%
Paraguay Asunción
85%
Nepal Kathmandu
85%
Costa Rica San José
85%
Liechtenstein Vaduz
85%
Slovakia Bratislava
83%
Kingdom of Afghanistan Kabul
83%
Dominican Republic Santo Domingo
82%
Danzig Danzig
78%
Nicaragua Managua
77%
South Africa Pretoria
77%
Yemen Sana'a
75%
Liberia Monrovia
73%
Honduras Tegucigalpa
72%
Tibet Lhasa
70%
Bolivia Sucre
67%
South Africa Bloemfontein
62%
Lithuania Kaunas
53%
Republic of China Chongqing
32%
Tuva Kyzyl
23%
No matching quizzes found
Score Distribution
Percent of People with Each Score
Percentile by Number Answered
Your Score History
You have not taken this quiz